Países por un jugador de futbol - Estadísticas

Estadísticas generales
  • Esta prueba ha sido intentada 92 veces
  • La puntuación promedio es 20 de 22
Estadísticas de respuestas
futbolista País % Correcto
Mario Balotelli Italia
100%
Toni Kroos Alemania
99%
Leo Messi Argentina
99%
Pelé Brasil
99%
Arturo Vidal Chile
99%
Luka Modric Croacia
99%
Zinedine Zidane Francia
99%
Cristiano Ronaldo Portugal
99%
David beckham Reino unido
99%
Mohammed Salah Egipto
98%
Nico Williams España
98%
Luis Suaréz Uruguay
98%
Achraf Hakimi Marruecos
96%
Marco Van basten Paises bajos
96%
Sadio Mané Senegal
95%
Arda Güler Turquia
95%
Lev Yashin Rusia
88%
Larsson Suecia
81%
Michael Donovan Estados Unidos
77%
Yaser Asprilla Colombia
76%
Michael Laudrup Dinamarca
76%
Rodolfo Pizarro Mexico
65%
No se encontraron pruebas coincidentes
Distribución de puntuación
Porcentaje de gente con cada puntuación
Porcentaje por número respondido
Historial de tus puntuaciones
No has intentado esta prueba.